Statistics for Toronto Raptors: All-Star Selections

Click here to take the quiz!

General Stats

  • This quiz has been taken 355 times
    (16 since last reset)
  • The average score is 8 of 9

Answer Stats

Amount of SelectionsPlayer% Correct
5Chris Bosh
100%
6Kyle Lowry
100%
5Vince Carter
100%
4DeMar DeRozan
93%
2Pascal Siakam
93%
1Scottie Barnes
87%
1Fred VanVleet
80%
1Kawhi Leonard
67%
1Antonio Davis
40%

Score Distribution

Percentile by Number Answered

Percent of People with Each Score

Your Score History

You have not taken this quiz since the last reset